| 000 | 005900000a22001810004500 | ||
|---|---|---|---|
| 001 | 768714001 | ||
| 003 | CO-MdFUSB | ||
| 005 | 20170424142714.0 | ||
| 008 | 170424b2005 cr ||||| |||| 00| 0 spa d | ||
| 040 |
_aCO-MdFUSB _bspa _cCO-MdFUSB _dCO-MdFUSB |
||
| 041 | _aspa | ||
| 100 | 1 |
_aSiccardi, Mirtha F. _eautor |
|
| 245 | 1 | 0 | _aíDios se entiende con los niños! |
| 300 |
_aVolumen 7, número 24, (2005), Páginas 8-9 _c28 cm. |
||
| 546 | _aTexto en español | ||
| 773 | 0 |
_tAlcanzando a los Niños en Riesgo _049458 _960572 _gVolumen 7, número 24, (2005), Páginas 8-9 _qPágina 8 |
|
| 942 | _cANA | ||
| 999 |
_c60948 _d60948 |
||